| 000 | 00866nam a2200253 a 4500 | ||
|---|---|---|---|
| 003 | MX-MxUPN | ||
| 005 | 20240813130946.0 | ||
| 008 | 991125s1927 mx a gr 001 0 spa d | ||
| 035 | _aUPN01000013221 | ||
| 040 |
_aMX-MxUPN _bspa _cMX-MxUPN |
||
| 041 | _aspa | ||
| 050 | 4 |
_aQD251.2 _bG3.3 |
|
| 100 | 1 |
_aGarcía-Junco, Marcelino _953037 |
|
| 245 | 1 | 0 |
_aCurso elemental de química orgánica : _bpara uso de los candidatos a las facultades de medicina y de química y farmacia |
| 260 |
_aMéxico, D.F. : _b[editor no identificado], _c1927. |
||
| 300 |
_a451 páginas : _bilustraciones |
||
| 500 | _aDatos tomados del contenido | ||
| 504 | _aIncluye índice. | ||
| 650 | 4 |
_aQuímica orgánica _953036 |
|
| 710 | 2 |
_951335 _aMuseo Pedagógico Nacional (México) _epropietario anterior |
|
| 902 | _bMaríaRobles/130824 | ||
| 905 | _aLibro | ||
| 942 |
_2lcc _cLIBRO _n0 |
||
| 999 |
_c13221 _d13221 |
||